Thống kê toán học
Guardat en:
| Autor principal: | |
|---|---|
| Format: | Llibre |
| Idioma: | Undetermined |
| Publicat: |
Hà Nội
ĐH và THCN
1984
|
| Etiquetes: |
Afegir etiqueta
Sense etiquetes, Sigues el primer a etiquetar aquest registre!
|
| Thư viện lưu trữ: | Trung tâm Học liệu Trường Đại học Cần Thơ |
|---|
| LEADER | 00407nam a2200157Ia 4500 | ||
|---|---|---|---|
| 001 | CTU_1469 | ||
| 008 | 210402s9999 xx 000 0 und d | ||
| 082 | |a 519.5 | ||
| 082 | |b H450 | ||
| 100 | |a Đào Hữu Hồ | ||
| 245 | 0 | |a Thống kê toán học | |
| 245 | 0 | |c cm | |
| 260 | |a Hà Nội | ||
| 260 | |b ĐH và THCN | ||
| 260 | |c 1984 | ||
| 980 | |a Trung tâm Học liệu Trường Đại học Cần Thơ | ||